[Event "RC-2011-0-00074"]
[Site "LSS email"]
[Date "2011.07.03"]
[Round "?"]
[White "Bay, Colin"]
[Black "Krakovsky, Peter"]
[Result "1/2-1/2"]
[WhiteElo "1845"]
[BlackElo "1880"]
[PlyCount "88"]
[EventDate "2011.05.11"]
[EventType "tourn (corr)"]
[EventRounds "6"]
[EventCountry "GER"]
[SourceTitle "Telechess CBM 149"]
[Source "ChessBase"]
[SourceDate "2012.07.17"]
[SourceVersion "1"]
[SourceVersionDate "2012.07.17"]
[SourceQuality "1"]

1. e4 c5 2. Nc3 d6 3. f4 Nc6 4. Nf3 g6 5. Bb5 Bd7 6. 0-0 Bg7 7. d3 Nf6 8. Bxc6 Bxc6 9. Qe1 e6 10. Kh1 0-0 11. Bd2 Nd7 12. f5 exf5 13. exf5 Re8 14. Qg3 Nf6 15. Qh4 Qd7 16. Bg5 Nh5 17. f6 Bh8 18. Nd2 Re6 19. Rae1 h6 20. Bxh6 Bxf6 21. Bg5 Bxc3 22. bxc3 Rae8 23. Rxe6 Qxe6 24. Qf2 f6 25. Bh4 Qxa2 26. Nc4 d5 27. Ne3 d4 28. Ng4 f5 29. c4 Kg7 30. Kg1 Qa5 31. h3 Qc7 32. Qd2 fxg4 33. hxg4 Ng3 34. Re1 Ne4 35. dxe4 Bxe4 36. Qf2 Qd6 37. Bg5 Bc6 38. Rf1 Qd7 39. Qh4 Kg8 40. Bf6 Qh7 41. Qg3 a5 42. c3 d3 43. Qxd3 a4 44. Qg3 Qf7 1/2-1/2

[Event "SB-2011-0-00159"]
[Site "LSS email"]
[Date "2011.06.13"]
[Round "?"]
[White "Bay, Colin"]
[Black "Cvak, Rudolf"]
[Result "1-0"]
[WhiteElo "1846"]
[BlackElo "1950"]
[PlyCount "63"]
[EventDate "2011.05.29"]
[EventType "tourn (corr)"]
[EventRounds "6"]
[EventCountry "GER"]
[SourceTitle "Telechess CBM 157"]
[Source "ChessBase"]
[SourceDate "2013.11.12"]
[SourceVersion "1"]
[SourceVersionDate "2013.11.12"]
[SourceQuality "1"]

1. e4 c5 2. Nc3 Nc6 3. Nf3 e5 4. Bc4 Be7 5. d3 Nf6 6. Nd2 0-0 7. Nf1 Na5 8. Ne3 h6 9. h4 d6 10. g4 Nxc4 11. dxc4 g6 12. Qf3 Be6 13. Bd2 h5 14. gxh5 Nxh5 15. 0-0-0 Kh7 16. Rdg1 Bf6 17. Ncd5 Rh8 18. Nf5 Bxd5 19. cxd5 Kg8 20. Bh6 Kh7 21. Rg5 Nf4 22. Rhg1 Bxg5 23. Bxg5 Qf8 24. Bh6 Qxh6 25. Nxh6 Kxh6 26. Rg4 Rae8 27. Rxf4 exf4 28. Qxf4+ Kg7 29. Qxd6 Rxe4 30. Qxc5 Rhxh4 31. d6 Kf6 32. b3 1-0

[Event "SB-2011-0-00159"]
[Site "LSS email"]
[Date "2011.06.13"]
[Round "?"]
[White "Wicklund Hansen, Gunnar"]
[Black "Bay, Colin"]
[Result "1/2-1/2"]
[WhiteElo "1859"]
[BlackElo "1846"]
[PlyCount "76"]
[EventDate "2011.05.29"]
[EventType "tourn (corr)"]
[EventRounds "6"]
[EventCountry "GER"]
[SourceTitle "Telechess CBM 155"]
[Source "ChessBase"]
[SourceDate "2013.07.16"]
[SourceVersion "1"]
[SourceVersionDate "2013.07.16"]
[SourceQuality "1"]

1. d4 d5 2. Nf3 Nf6 3. e3 g6 4. c4 Bg7 5. Nc3 0-0 6. cxd5 Nxd5 7. Bc4 Nb6 8. Be2 c5 9. dxc5 Qxd1+ 10. Bxd1 N6d7 11. Nd5 Nc6 12. Ba4 Kh8 13. 0-0 e6 14. Nc3 Nxc5 15. Bb5 Bd7 16. e4 Rfc8 17. Rd1 Be8 18. Be3 Bxc3 19. Bxc5 Bxb2 20. Rab1 Bg7 21. Bd6 a6 22. Bd3 b5 23. e5 Na5 24. Nd2 Bc6 25. Bb4 Nb7 26. f4 Bd5 27. Be4 Rd8 28. Bxd5 Rxd5 29. Ne4 h6 30. Kf2 Rad8 31. Rdc1 g5 32. g3 Kh7 33. Rc7 R8d7 34. Rxd7 Rxd7 35. h4 Kg6 36. hxg5 hxg5 37. Nxg5 Bxe5 38. Nxe6 fxe6 1/2-1/2

[Event "OP-2011-0-01507"]
[Site "LSS email"]
[Date "2011.05.03"]
[Round "?"]
[White "Bay, Colin"]
[Black "Vodicka, Milan"]
[Result "1/2-1/2"]
[WhiteElo "1766"]
[BlackElo "1625"]
[PlyCount "74"]
[EventDate "2011.04.25"]
[EventType "tourn (corr)"]
[EventRounds "4"]
[EventCountry "GER"]
[SourceTitle "Telechess CBM 145"]
[Source "Chessbase"]
[SourceDate "2011.11.11"]
[SourceVersion "1"]
[SourceVersionDate "2011.11.11"]
[SourceQuality "1"]

1. d4 d5 2. Nf3 Nf6 3. e3 e6 4. Bd3 c5 5. b3 Nc6 6. 0-0 Be7 7. Bb2 0-0 8. Nbd2 cxd4 9. exd4 Nb4 10. Be2 b6 11. a3 Nc6 12. Bd3 Bb7 13. Qe2 Qc7 14. Ne5 Nxe5 15. dxe5 Nd7 16. c4 Nc5 17. Bc2 Qc6 18. cxd5 Qxd5 19. f3 Rfd8 20. Rfd1 Nd3 21. Ne4 Ba6 22. Qe3 Rac8 23. Bxd3 Bxd3 24. b4 Qb3 25. Bd4 Bc2 26. Qxb3 Bxb3 27. Rd2 f6 28. exf6 gxf6 29. Rb1 Ba4 30. Be3 f5 31. Rxd8+ Bxd8 32. Ng5 e5 33. Rc1 Rxc1+ 34. Bxc1 Be7 35. f4 e4 36. Kf2 Bd7 37. Ke3 h6 1/2-1/2

[Event "SB-2011-0-00147"]
[Site "LSS email"]
[Date "2011.05.01"]
[Round "?"]
[White "Sherwood, Russell"]
[Black "Bay, Colin"]
[Result "1/2-1/2"]
[WhiteElo "1963"]
[BlackElo "1845"]
[PlyCount "95"]
[EventDate "2011.04.10"]
[EventType "tourn (corr)"]
[EventRounds "6"]
[EventCountry "GER"]
[SourceTitle "Telechess CBM 149"]
[Source "ChessBase"]
[SourceDate "2012.07.17"]
[SourceVersion "1"]
[SourceVersionDate "2012.07.17"]
[SourceQuality "1"]

1. e4 c6 2. d4 d5 3. Nd2 dxe4 4. Nxe4 Nf6 5. Nxf6+ exf6 6. Bc4 Bd6 7. Qe2+ Be7 8. Nf3 0-0 9. 0-0 Bd6 10. Re1 Bg4 11. Bd2 Nd7 12. h3 Bh5 13. Bd3 Qc7 14. Rac1 Rfd8 15. Be4 Nf8 16. Qd3 Kh8 17. c3 Ne6 18. Bf5 Nf4 19. Bxf4 Bxf4 20. Rc2 Bxf3 21. Qxf3 Re8 22. Re4 Rxe4 23. Bxe4 Re8 24. g3 Bd6 25. Qf5 g6 26. Qxf6+ Kg8 27. Qf3 Kg7 28. Kg2 Re6 29. d5 Rf6 30. Qd3 c5 31. b3 Be7 32. f4 Rd6 33. Re2 Rd7 34. h4 Bf6 35. h5 Qd6 36. Bf3 Re7 37. Rxe7 Bxe7 38. a3 Qf6 39. b4 Bd6 40. Qe3 Qe7 41. Qf2 b6 42. Qc2 Qe3 43. Qb2 c4 44. Qc2 b5 45. Bg4 f5 46. Bxf5 gxf5 47. Qxf5 Qe2+ 48. Kh3 1/2-1/2